Focus sur: Miranda Fauconnette - Harry Potter - Statistiques

Statistiques générales
  • Ce quiz a été pris 21 fois
  • Le résultat moyen est 3 sur 5
Statistiques - réponses
Informations recherchées Réponses % Correct
Profession Auteure
95%
Première mention Harry Potter à l'école des sorciers
80%
Soeur Romilda Fauconette
35%
Oeuvres Livre des sorts et enchantements
30%
Guide d'herbologie
20%
Aucun quiz correspondant
Distribution des résultats
% des personnes avec chaque résultat
Percentile par nombre de réponses
Votre historique - résultats
Vous n’avez pas pris ce quiz